000 00424nam a22001217a 4500
999 _c3255
_d3255
005 20201119151641.0
008 201119b ||||| |||| 00| 0 eng d
020 _a16360
040 _cCML1119150848.0
245 _aA History of Art: A survey of the Visual Arts from the Dawn of History to the Present Day.
_cJames D
260 _aLondon
_bThames and Hudson
_c1998
942 _2ddc
_cBK
_e1st Edition
_h709.03
_mJAN